000 00275nam a2200097Ia 4500
001 655314
005 20250826154534.0
008 250824s9999 xx 000 0 und d
245 0 _aROMEO VE JULIET ANTİK DÜNYA KLASİKLERİ
_cSHAKESPEARE
260 _bANTİK DÜNYA KLASİKLERİ
999 _c655314
_d655314